[Event "Titled Tuesday intern op 26th Apr Early"]
[Site "Chess.com INT"]
[Date "2022.04.26"]
[Round "11"]
[White "Abarca Gonzalez, Nicolas"]
[Black "Lazavik, Denis"]
[Result "1-0"]
[WhiteElo "2380"]
[BlackElo "2483"]
[PlyCount "59"]
[EventDate "2022.04.26"]
[EventType "swiss (blitz)"]
[EventRounds "11"]
[EventCountry "USA"]
[SourceTitle "CBM 208 Extra"]
[Source "ChessBase"]
[SourceDate "2022.07.31"]
[SourceVersion "1"]
[SourceVersionDate "2022.07.31"]
[SourceQuality "1"]

1. e4 e5 2. Qh5 Nc6 3. Bc4 g6 4. Qf3 Nf6 5. Ne2 Bg7 6. Nbc3 d6 7. h3 Na5 8. d3 h6 9. g4 a6 10. g5 hxg5 11. Bxg5 c6 12. 0-0-0 Qe7 13. h4 Bg4 14. Qg2 Bxe2 15. Nxe2 Nxc4 16. dxc4 Qe6 17. b3 0-0-0 18. Nc3 Bh6 19. Kb2 Rd7 20. Na4 Kc7 21. Qf3 Bxg5 22. hxg5 Rxh1 23. Rxh1 Nh5 24. Qc3 Kb8 25. Rd1 Qe7 26. c5 Rd8 27. cxd6 Rxd6 28. Qb4 c5 29. Nxc5 a5 30. Na6+ 1-0

[Event "Titled Tuesday intern op 26th Apr Early"]
[Site "Chess.com INT"]
[Date "2022.04.26"]
[Round "9"]
[White "Dubov, Daniil"]
[Black "Abarca Gonzalez, Nicolas"]
[Result "1-0"]
[WhiteElo "2711"]
[BlackElo "2380"]
[PlyCount "81"]
[EventDate "2022.04.26"]
[EventType "swiss (blitz)"]
[EventRounds "11"]
[EventCountry "USA"]
[SourceTitle "CBM 208 Extra"]
[Source "ChessBase"]
[SourceDate "2022.07.31"]
[SourceVersion "1"]
[SourceVersionDate "2022.07.31"]
[SourceQuality "1"]

1. d4 Nf6 2. Nf3 g6 3. c4 Bg7 4. Nc3 0-0 5. Bg5 h6 6. Bh4 d6 7. e3 Nbd7 8. Be2 c6 9. 0-0 a6 10. Qc2 b5 11. a3 Bb7 12. e4 g5 13. Bg3 Qb6 14. Rfd1 Rac8 15. e5 Nh5 16. Nxg5 hxg5 17. Bxh5 dxe5 18. dxe5 Nxe5 19. Ne4 f5 20. Nxg5 c5 21. Re1 Qh6 22. Bxe5 Qxg5 23. f3 Bxe5 24. Rxe5 Qxh5 25. Rxe7 Rf7 26. Rae1 Rcf8 27. Qc3 Qg6 28. R1e6 Rf6 29. Rxf6 Qxf6 30. Qxf6 Rxf6 31. Rxb7 bxc4 32. Rc7 Rd6 33. Rxc5 f4 34. Rxc4 Rd1+ 35. Kf2 Rd2+ 36. Kf1 Rd1+ 37. Ke2 Rg1 38. Kf2 Rb1 39. Rxf4 Rxb2+ 40. Kg3 Ra2 41. Ra4 1-0

[Event "Titled Tuesday intern op 26th Apr Early"]
[Site "Chess.com INT"]
[Date "2022.04.26"]
[Round "4"]
[White "Lewicki, Miroslaw"]
[Black "Abarca Gonzalez, Nicolas"]
[Result "0-1"]
[WhiteElo "2340"]
[BlackElo "2380"]
[PlyCount "61"]
[EventDate "2022.04.26"]
[EventType "swiss (blitz)"]
[EventRounds "11"]
[EventCountry "USA"]
[SourceTitle "CBM 208 Extra"]
[Source "ChessBase"]
[SourceDate "2022.07.31"]
[SourceVersion "1"]
[SourceVersionDate "2022.07.31"]
[SourceQuality "1"]

1. e3 c5 2. b3 Nf6 3. Bb2 g6 4. Nf3 Bg7 5. Be2 0-0 6. 0-0 d5 7. d4 cxd4 8. exd4 Nc6 9. Re1 a5 10. a4 Bf5 11. Nc3 Nb4 12. Rc1 Bh6 13. Bd3 Bxc1 14. Bxc1 Bxd3 15. cxd3 Rc8 16. Ne2 Qc7 17. Bh6 Rfe8 18. Ng3 Qc2 19. Ne5 Qxd1 20. Rxd1 Rc3 21. h4 Rec8 22. h5 Nxh5 23. Nxh5 gxh5 24. Re1 f6 25. Nd7 Kf7 26. Nc5 Nxd3 27. Re3 Rc1+ 28. Kh2 Nxc5 29. Rg3 Ne6 30. Rg8 Kxg8 31. Bg7 0-1